U.S. States that Border Virginia - Statistics

General Stats
  • This quiz has been taken 534 times
  • The average score is 5 of 6
Answers on the Map
Answers color-coded by a green-red scale on the quiz's map according to % correct below.
 
Answer Stats
Neighbor % Correct
West Virginia
100%
Kentucky
97%
Maryland
97%
North Carolina
97%
Tennessee
97%
Washington, D.C.
59%
No matching quizzes found
Score Distribution
Percent of People with Each Score
Percentile by Number Answered
Your Score History
You have not taken this quiz